| 000 | 00354nam a22001337a 4500 | ||
|---|---|---|---|
| 082 |
_a604.2 _bZEL _cL-12, P-58 |
||
| 100 |
_aZelikoff, Louis _940296 |
||
| 245 | _aMechancial drawing. | ||
| 260 |
_aMoscow _bMir Publishers. _c1969 |
||
| 300 |
_a189 p.: _bill .: _c10 Cm |
||
| 526 |
_a0 _b0 _c0 _d604_200000000000000_ZEL |
||
| 650 |
_aMCE _9379 |
||
| 942 |
_2ddc _cBK |
||
| 999 |
_c544618 _d544618 |
||